[Event "Klatovy op-B 29th"]
[Site "Klatovy"]
[Date "2023.07.07"]
[Round "7"]
[White "Beranova, Marta"]
[Black "Kroulik, Stepan"]
[Result "0-1"]
[WhiteElo "1146"]
[BlackElo "1371"]
[PlyCount "59"]
[EventDate "2023.07.01"]
[EventType "swiss"]
[EventRounds "9"]
[EventCountry "CZE"]
[SourceTitle "CBM 215 Extra"]
[Source "ChessBase"]
[SourceDate "2023.09.30"]
[SourceVersion "1"]
[SourceVersionDate "2023.09.30"]
[SourceQuality "1"]

1. e4 c5 2. Nc3 e6 3. f4 Nc6 4. Bb5 Nge7 5. Nf3 Nd4 6. Bc4 Nec6 7. Nxd4 Nxd4 8. a3 Be7 9. 0-0 0-0 10. d3 b6 11. Be3 d6 12. Ne2 e5 13. f5 Bb7 14. c3 Nc6 15. Ng3 Na5 16. Ba2 d5 17. Nh5 dxe4 18. f6 Bxf6 19. Nxf6+ gxf6 20. Bh6 Kh8 21. Bxf8 Qxf8 22. dxe4 Bxe4 23. Rxf6 Qg7 24. Rf2 f5 25. Rd2 Qg5 26. Bd5 Rd8 27. g3 Nb3 28. Qxb3 Qxd2 29. Bxe4 Qe3+ 30. Kf1 0-1